| 000 | 00535cam a22001697a 4500 | ||
|---|---|---|---|
| 020 | _a9781622571062 | ||
| 020 | _a1622571061 | ||
| 050 | 0 | 0 |
_aR733 _b.A47 2012 |
| 245 | 0 | 0 |
_aAlternative medicine : _bpractices, health benefits and controversies / _cKenneth R. Carter and George E. Murphy, editors. |
| 260 |
_aNew York : _bNova Science Publishers, _cc2012. |
||
| 300 | _ax, 154 p. : | ||
| 500 | _a"Nova biomedical." | ||
| 650 | _xAlternative medicine. | ||
| 700 | 1 | _aCarter, Kenneth R. | |
| 700 | 1 | _aMurphy, George E. | |
| 942 |
_2lcc _cGEN |
||
| 999 |
_c9792 _d9792 |
||